Sports Quiz

Random Sports or NHL Quiz

NHL leading scorers by country of birth Quiz Stats

 Plays Quiz not verified by Sporcle

Challenge
Share
Tweet
Embed
Score 0/44 Timer 12:00
0 Plays Today
Country Player % Correct
CanadaWayne Gretzky
90.8%
United StatesMike Modano
69.2%
Czech RepublicJaromir Jagr
69.2%
SwedenMats Sundin
60.1%
RussiaSergei Fedorov
51.6%
FinlandJari Kurri
49.5%
Northern IrelandOwen Nolan
41.8%
SloveniaAnze Kopitar
39%
South KoreaRichard Park
36.8%
AustriaThomas Vanek
28.8%
BrazilRobyn Regehr
28.4%
IndonesiaRichie Regehr
28.1%
KazakhstanNik Antropov
27.9%
South AfricaOlaf Kolzig
23.7%
UkrainePeter Bondra
19.9%
EnglandSteve Thomas
17.7%
NorwayEspen Knutsen
17.1%
LatviaSandis Ozolinsh
16.9%
PolandMariusz Czerkawski
15.8%
SlovakiaStan Mikita
14.4%
BelarusRuslan Salei
11.9%
LithuaniaDainius Zubrus
10.8%
Country Player % Correct
NigeriaRumun Ndur
9.8%
ScotlandSteve Smith
9.5%
Republic of ChinaRod Langway
9.1%
BruneiCraig Adams
8.5%
TanzaniaChris Nielsen
8.3%
4%
HaitiClaude Vilgrain
3.9%
BahamasAndre Deveaux
3.2%
ParaguayWilli Plett
3.1%
FrancePaul MacLean
2.8%
GermanyWalt Tkaczuk
2.1%
BelgiumJan Benda
2.1%
SwitzerlandMark Hardy
2.1%
DenmarkPoul Popiel
2%
SerbiaIvan Boldirev
2%
VenezuelaRick Chartraw
1.6%
JamaicaGraeme Townshend
1.5%
NetherlandsEd Beers
1.4%
LebanonEd Hatoum
1.3%
IrelandJim McFadden
1.1%
ItalyNelson Debenedet
1%
WalesJack Evans
1%

You're not logged in!

Compare scores with friends on all Sporcle quizzes.
OR
Log In

You Might Also Like...

Show Comments

Extras

Top Quizzes Today


Score Distribution

Your Account Isn't Verified!

In order to create a playlist on Sporcle, you need to verify the email address you used during registration. Go to your Sporcle Settings to finish the process.

Report this User

Report this user for behavior that violates our Community Guidelines.

Details: